Quizzes
Events
Quiz Creation
Community
Videos
Private Events
Remove Ads
Sign In
Join for FREE
Feedback
Dark Mode
Quiz Categories
Sports
Geography
Music
Movies
Television
Just For Fun
Miscellaneous
History
Literature
Language
Science
Gaming
Entertainment
Religion
Holiday
For Kids
Quiz Lab
Recent
Popular Today
Quiz Kudos Today
Editor Picks
Curator Picks
Quizzes by...
Day
Popularity
Type
Ratings
Length
Year
Community
Subscriptions
Recent Discussions
Orange Saloon
Badges
Playlists
Quests
Create
Leaderboards
Showdown
Live 5
Trivia Bingo
Activity
Puzzle Library
Sporcle Events
Private Events
Virtual Trivia
Globe League
Become a Host
Pub Owners
SporcleCon
Opinionation
Our Games
Videos
Blog
Mobile Apps
Partnerships
Remove Ads and Go Orange
Feedback
Movies
Disney
Marvel Cinematic Universe
Movie Resume
Movie Titles
Oscar
Actor
Actress
Director
Pixar
Role
Movie Quotes
Movie Characters
Box Office
Nominee
Best Picture
Star Wars
James Bond
Horror Movies
Movies
Disney
Marvel Cinematic Universe
Movie Resume
Movie Titles
Oscar
Actor
Actress
Director
Pixar
Role
Movie Quotes
Movie Characters
Box Office
Nominee
Best Picture
Star Wars
James Bond
Horror Movies
Random Quiz
Search Sporcle
×
Quiz Lab
Quiz Lab
Movies
Movie Quotes
Type in answers that appear in a list
Type in answers that appear in a list
Classic
Best Score? Go Orange.
Star Wars: Episode VI- Return of the Jedi QUOTES Stats
Can you name the characters that said the Star Wars: Episode VI- Return of the Jedi quotes?
By
thewrongdroid
4m
10 Questions
157 Plays
157 Plays
157 Plays
Comments
Comments
Give Quiz Kudos
Give Quiz Kudos
-
- Ratings
hide this ad
Forced Order
Answers have to be entered in order
Answers have to be entered in order
Replay
Link that replays current quiz
Next Quiz
Link to next quiz in quiz playlist
You Got
0%
They Got
Avg Score
87%
Avg Friend Score
Upgrade to see
Score Distribution
Jump to the score distribution portion of the page
Score
0/10
Timer
04:00
0
Plays Today
Quote
Characer
% Correct
I do believe they think I am some kind of god.
C-3PO
100%
When nine hundred years old you reach, look as good you will not, hmm?
Yoda
100%
And now, young Skywalker... you will die.
The Emperor
97.5%
I see you have constructed a new lightsaber.
Darth Vader
96.8%
I think my eyes are getting better. Instead of a big dark blur, I see a big light blur.
Han Solo
92.4%
You're a jittery little thing, aren't you?
Princess Leia Organa
91.1%
Your overconfidence is your weakness.
Luke Skywalker
89.2%
That blast came from the Death Star! That thing's operational!
Lando Calrissian
89.2%
This bounty hunter is my kind of scum: fearless and inventive.
Jabba the Hutt
74.5%
Bargain rather than fight? He's no Jedi.
Bib Fortuna
45.2%
Quiz Playlist
Details
Report
Send in Message
Add To Playlist
Classic:
Type in answers that appear in a list
Forced Order:
Answers have to be entered in order
Last Updated: Feb 16, 2017
Quiz Scoreboard
CHALLENGE
Sign Up to Join the Scoreboard
Show All
Scores
Hide
Comments
May contain spoilers
Recently Published
Presidents Visiting Landmarks
by Hejman
History
7m
An Introduction to Baseball
by treessimontrees
Sports
5m
Movies - When Are They Set?
by FPL_Elf
Movies
5m
More to Explore
Quiz From the Vault
Featured Blog Post
Where Did the Easter Bunny Come From?
hide this ad
You Might Also Like...
Tags
Movie Quotes Quiz
Star Wars Quiz
Today's Top Quizzes in Movies
Browse Movies
hide this ad
Today's Top Quizzes in Movie Quotes
Browse Movie Quotes
Top Contributed Quizzes in Movies
1
Pick 5 Posters: Directed by Spielberg
2
7-to-1: Pixar Characters
3
Pick 5 Posters: Lowest-Rated Spielberg
4
Pick 5 Posters: Directed by Scorsese
5
Pick 5 Posters: Star & Director
6
Sorting Actors
7
Sorting Actresses
8
12 Movies about Fictional 1960s Events
9
Multi-Oscar Nominations, One Movie, One Winner
10
Pick 5 Posters: Women Directed 2020s
Explore More
Trending Topics
Harry Potter
NBA
Crossword
Disney
Anime
Marvel
Kpop
The Office
Country
Pokémon
NFL
WWE
Soccer
Song
Puzzle
hide this ad
More By:
thewrongdroid
Quiz
Plays
Rating
Category
Featured
Created
Morse Code
487
Miscellaneous
May 25, 2016
Star Wars: Episode III- Revenge of the Sith QUOTES
470
3.00
Movies
Apr 12, 2015
Bones Quotes
403
Television
Apr 26, 2015
Romeo and Juliet Prologue
382
3.00
Language
Apr 5, 2016
Annie's Song
306
5.00
Music
May 3, 2016
Go to Creator's Profile
Score Distribution
Quiz Creator Spotlight
thewrongdroid
Follow
Send a Message
Quizzes Created
-
Created Quiz Play Count
-
More By This Creator
Popular Quizzes Today
1
Find the US States - No Outlines Minefield
2
Find the Countries of Europe - No Outlines Minefield
3
The Countries of the World
4
Find the US States
5
Popular People in 1961
6
US States
7
Risky Map Clicking: Biggest States A-Z
8
1-10 Letter E Words III
More Movies Quizzes
2017 Movie Slot Machine II
Published
Trending Quizzes
Risky Map Clicking: Least Populous States A-Z
1-10 Letter G Words
1-10 Letter F Words
Risky Map Clicking: Next State Alphabetically
Risky Map Clicking: Biggest States A-Z
Recently Updated
Leaping Animals
pecheneg
Reality TV Shows (A-Z)
bhenderson79
Rickey Henderson's Hall of Fame Teammates
pecheneg
Champions League XIs: Arsenal
pecheneg
Quick Pick: Celebrities in WWE's Hall of Fame
aduchscher
A-Z Keypad Blitz II
pecheneg
Multiple Oscar Actors
pecheneg
Mystery Phrase Blitz: Oscar 'Best Actors'
pecheneg
F. Scott Fitzgerald Novels
LTH
Pick 3 Villains
ddd62291
Trending Topics
Harry Potter
Marvel
NBA
Kpop
Anime
Crossword
Disney
WWE
Puzzle
Soccer
NFL
The Office
Pokémon
Country
Song
Your Account Isn't Verified!
In order to create a playlist on Sporcle, you need to verify the email address you used during registration. Go to your
Sporcle Settings
to finish the process.
Report this User
Report this user for behavior that violates our
Community Guidelines
.
Details:
Send Report
Go to the Sporcle.com Mobile Site →
Comments